| 000 | 01630nam a2200325 i 4500 | ||
|---|---|---|---|
| 999 |
_c21674 _d21674 |
||
| 001 | vtls003501315 | ||
| 003 | NUKAT | ||
| 005 | 20211126112533.0 | ||
| 008 | 150904s2015 pl a u |000 0 pol c | ||
| 020 | _a9788327546678 | ||
| 035 | _axx003501315 | ||
| 039 | 9 |
_a201509180927 _bkoppp _c201509081243 _dagh _c201509070210 _dVLOAD _c201509041257 _dvagh |
|
| 040 |
_aKR 93/GNW _cKR 93/GNW _dKR 93/MU |
||
| 041 | 1 |
_apol _heng |
|
| 245 | 0 | 0 |
_aKompatybilność elektromagnetyczna (EMC) - Część 4-6: Metody badań i pomiarów - Odporność na zaburzenia przewodzone, indukowane przez pola o częstotliwości radiowej PN-EN 61000-4-6:2014-04P / _cPolski Komitet Normalizacyjny. |
| 246 | 3 | 0 | _aPN-EN 61000-4-6:2014-04 |
| 246 | 1 | 3 | _aElectromagnetic compatibility (EMC) - Part 4-6: Testing and measurement techniques - Immunity to conducted disturbances, induced by radio-frequency fields (IEC 61000-4-6:2013) |
| 246 | 1 |
_iNr ujednolicony: _aPN-EN 61000-4-6:2014-04 |
|
| 260 |
_aWarszawa : _bPolski Komitet Normalizacyjny, _c2015. |
||
| 300 |
_a2, 84 s. : _bil. ; _c30 cm. |
||
| 500 | _aICS 33.100.20. | ||
| 504 | _aBibliogr. s. 83. | ||
| 590 | _aWprowadza EN 61000-4-6:2014, IDT ; IEC 61000-4-6:2013. Zastępuje PN-EN 61000-4-6:2009. Zatwierdzona przez Prezesa PKN dnia 17 kwietnia 2014 r. | ||
| 590 | _aStatus: aktualna. | ||
| 710 | 1 |
_aPolska. _bPolski Komitet Normalizacyjny. _bWydział Wydawnictw Normalizacyjnych. _4pbl _91108 |
|
| 710 | 1 |
_aPolska. _bPolski Komitet Normalizacyjny. _91107 |
|
| 942 |
_2ddc _cBK |
||